El Area Metropolitana de San José según los censos de 1963 y 1964
Este documento recoge la información, según los censos de 1963 y 1964, para el Area Metropolitana de San José, referente a población, vivienda, industria manufacturera y comercio. Contiene varios gráficos. GTA/mb
Gespeichert in:
| Körperschaft: | |
|---|---|
| Format: | Text |
| Veröffentlicht: |
San José:
Publicaciones de la DGEC
|
| Schlagworte: | |
| Tags: |
Tag hinzufügen
Keine Tags, Fügen Sie den ersten Tag hinzu!
|
MARC
| LEADER | 00000 a a2200000 04500 | ||
|---|---|---|---|
| 001 | 13159 | ||
| 003 | |||
| 040 | |||
| 090 | |a 1001 CR 8372a | ||
| 110 | |a Costa Rica. Ministerio de Economía, Industria y Comercio. Dirección General de Estadística y Censos | ||
| 245 | |a El Area Metropolitana de San José según los censos de 1963 y 1964 | ||
| 260 | |a San José: |b Publicaciones de la DGEC | ||
| 300 | |a 291 p | ||
| 300 | |b **no definido** | ||
| 520 | |a Este documento recoge la información, según los censos de 1963 y 1964, para el Area Metropolitana de San José, referente a población, vivienda, industria manufacturera y comercio. Contiene varios gráficos. GTA/mb | ||
| 650 | |a CENSOS DE POBLACION | ||
| 650 | |a GRAFICOS | ||
| 650 | |a AREA METROPOLITANA DE SAN JOSE, CR | ||
| 650 | |a POBLACION | ||
| 650 | |a INDUSTRIA | ||
| 650 | |a ESTRUCTURA ECONOMICA | ||
| 650 | |a VIVIENDA | ||
| 650 | |a SALARIOS | ||
| 650 | |a ESTADISTICAS ALIMENTARIAS | ||
| 650 | |a ESTADISTICAS FINANCIERAS | ||
| 650 | |a ESTADISTICAS DE EMPLEO | ||
| 650 | |a ESTADISTICAS SOCIALES | ||
| 650 | |a GRUPOS DE EDAD | ||
| 650 | |a COMERCIO | ||
| 999 | |c 15259 |d 15259 | ||
